Pédagogie de la lecture en langue étrangere défis rééducatifs

Bibliographic Details
Main Author: Karpińska-Szaj, Katarzyna (Author)
Format: Book
Language:French
PhysicalDescription:293 s. grafy, ilustr. 21 cm.
Published: Poznań Uniwersytet im. Adama Mickiewicza 2005
ISBN:8323214964
ISSN:0554-8187
Edition:Wyd. 1.
Series:Filologia Romańska / Uniwersytet im. Adama Mickiewicza w Poznaniu nr 29
Subjects:

MARC

LEADER 00000nam a2200000 a 4500
001 vtls008640735
003 SK-MaSNL
005 20260302075035.0
008 251124s2005 pl da f a 000 0 fre
020 |a 8323214964  |q (brož.) 
040 |a SNK  |b slo  |c SNK  |e AACR2 
041 0 |a fre  |b pol  |b eng 
044 |a pl  |c PL 
072 7 |a 373.2/.3  |x Predškolská a primárna výchova a vzdelávanie  |2 konspekt 
080 |a 37.016:028-028.31  |2 2001 
080 |a 028.02  |2 2001 
080 |a 37.01  |2 2001 
080 |a 37.014.5  |2 2001 
080 |a 371.3  |2 2001 
080 |a (048.8)  |2 2001 
100 1 |a Karpińska-Szaj, Katarzyna  |4 aut  |9 741384 
245 1 0 |a Pédagogie de la lecture en langue étrangere  |b défis rééducatifs  |c Katarzyna Karpińska-Szaj 
250 |a Wyd. 1. 
260 |a Poznań  |b Uniwersytet im. Adama Mickiewicza  |c 2005 
300 |a 293 s.  |b grafy, ilustr.  |c 21 cm. 
490 1 |a Filologia Romańska / Uniwersytet im. Adama Mickiewicza w Poznaniu  |x 0554-8187  |v nr 29 
504 |a Bibliogr. s. 259-274 
546 |a Res. poľ. a angl. 
650 0 7 |a pedagogika  |2 SNKPH  |9 955 
650 0 7 |a vzdelávacia politika  |2 SNKPH  |9 3199 
650 0 7 |a čítanie  |2 SNKPH  |9 1654 
650 0 7 |a štúdium a výučba  |2 SNKPH  |9 3982 
655 7 |a štúdie  |2 SNKPH  |9 57033 
810 2 |a Uniwersytet im. Adama Mickiewicza w Poznaniu.  |t Filologia romańska  |9 380287 
919 |a 83-232-1496-4 
999 |c 1167577  |d 1169507 
952 |a SNK  |b SNK  |y VYP  |7 0  |p 17A0506909  |o snkIC 133316  |i snk2006/9859  |8 2  |g 5.64  |0 0  |1 0  |4 0  |d 2006-03-30  |l 0  |r 2026-02-24 20:53:16  |w 2026-02-24